• 首页
  • 本馆介绍
  • 公告通知
  • 最新文献
  • 馆藏检索
  • 电子资源
  • 读者导购
  • 参考咨询
  • 我的图书馆
  • 登录
  • 详细信息显示
  • 放入我的书架
  • 预约/预借图书
  • 作者相关作品
  • 分类相关作品
  • 丛书相关作品
  • 出版社相关作品

书目信息

  • 表格格式
  • 工作单格式
  • 卡片格式
题名:
电路理论基础
    
 
作者: 赖旭芝 主编
分册:  
出版信息: 长沙   中南大学出版社  2009.12
页数: 392页
开本: 23cm
丛书名: 21世纪电工电子学课程系列教材
单 册:
中图分类: TM13
科图分类:
主题词: 电路理论--dian lu li lun--教材
电子资源:
ISBN: 978-7-81105-689-1
000 00979nam 2200265 450
001 2346978763
005 20231127144914.68
010    @a978-7-81105-689-1@dCNY48.00@z7-81105-689-5
100    @a20100331d2009 em y0chiy50 ea
101 0  @achi
102    @aCN@b430000
105    @aak a 000yy
200 1  @a电路理论基础@Adian lu li lun ji chu@f主编赖旭芝
205    @a第3版
210    @a长沙@c中南大学出版社@d2009.12
215    @a392页@c图@d23cm
225 2  @a21世纪电工电子学课程系列教材@A21 shi ji dian gong dian zi xue ke cheng xi lie jiao cai
320    @a有书目
330    @a本书分为电路模型与电路定律、电路的等效变换、电阻电路的一般方法、电路基本定理、相量法、正弦交流电路的分析、耦合电路、三相电路、非正弦周期电流电路、一阶电路分析等15章内容。
410  0 @12001 @a21世纪电工电子学课程系列教材
606 0  @a电路理论@Adian lu li lun@j教材
690    @aTM13@v4
701  0 @a赖旭芝@Alai xu zhi@4主编
801  0 @aCN@bRENTIAN@c20100331
905    @aBZT@dTM13@e15=3
    
    电路理论基础/主编赖旭芝.-第3版.-长沙:中南大学出版社,2009.12
    392页:图;23cm.-(21世纪电工电子学课程系列教材)
    
    
    ISBN 978-7-81105-689-1:CNY48.00
    本书分为电路模型与电路定律、电路的等效变换、电阻电路的一般方法、电路基本定理、相量法、正弦交流电路的分析、耦合电路、三相电路、非正弦周期电流电路、一阶电路分析等15章内容。
●
相关链接 在五车中查询图书 在当当中查询图书 在豆瓣中查询图书


正题名:电路理论基础     索取号:TM13/15=3         预约/预借

序号 登录号 条形码 馆藏地/架位号 状态 备注
1 2001083927   2001083927   东辅楼二楼书库/ [索取号:TM13/15=3] 在馆    
2 2001083928   2001083928   东辅楼二楼书库/ [索取号:TM13/15=3] 在馆    
3 2001083929   2001083929   东辅楼二楼书库/ [索取号:TM13/15=3] 在馆    
4 2001083930   2001083930   东辅楼二楼书库/ [索取号:TM13/15=3] 在馆    
5 2001083931   2001083931   东辅楼二楼书库/ [索取号:TM13/15=3] 在馆    
6 2001083932   2001083932   东辅楼二楼书库/ [索取号:TM13/15=3] 在馆    
7 2001083933   2001083933   东辅楼二楼书库/ [索取号:TM13/15=3] 在馆    
8 2001083934   2001083934   东辅楼二楼书库/ [索取号:TM13/15=3] 在馆    
9 2001083935   2001083935   东辅楼二楼书库/ [索取号:TM13/15=3] 在馆    
10 2001083936   2001083936   东辅楼二楼书库/ [索取号:TM13/15=3] 在馆    
11 2001083937   2001083937   东辅楼二楼书库/ [索取号:TM13/15=3] 在馆    
12 2001083938   2001083938   东辅楼二楼书库/ [索取号:TM13/15=3] 在馆    
13 2001083939   2001083939   东辅楼二楼书库/ [索取号:TM13/15=3] 在馆    
14 2001083940   2001083940   东辅楼二楼书库/ [索取号:TM13/15=3] 在馆    
15 2001083941   2001083941   东辅楼二楼书库/ [索取号:TM13/15=3] 在馆    
16 2001083942   2001083942   东辅楼二楼书库/ [索取号:TM13/15=3] 在馆    
17 2001083943   2001083943   东辅楼二楼书库/ [索取号:TM13/15=3] 在馆    
18 2001083944   2001083944   东辅楼二楼书库/ [索取号:TM13/15=3] 在馆    
19 2001083945   2001083945   东辅楼二楼书库/ [索取号:TM13/15=3] 在馆    
20 2001083946   2001083946   东辅楼二楼书库/ [索取号:TM13/15=3] 在馆    
21 2001083947   2001083947   东辅楼二楼书库/ [索取号:TM13/15=3] 在馆    
22 2001083948   2001083948   东辅楼二楼书库/ [索取号:TM13/15=3] 在馆    
23 2001083949   2001083949   东辅楼二楼书库/ [索取号:TM13/15=3] 在馆    
24 2001083950   2001083950   东辅楼二楼书库/ [索取号:TM13/15=3] 在馆    
25 2001083951   2001083951   东辅楼二楼书库/ [索取号:TM13/15=3] 在馆    
26 2001083952   2001083952   东辅楼二楼书库/ [索取号:TM13/15=3] 在馆    
27 2001132290   2001132290   东辅楼二楼书库/ [索取号:TM13/15=3] 在馆    
28 2001132291   2001132291   东辅楼二楼书库/ [索取号:TM13/15=3] 在馆    
29 2001132292   2001132292   东辅楼二楼书库/ [索取号:TM13/15=3] 在馆    
30 2001132293   2001132293   东辅楼二楼书库/ [索取号:TM13/15=3] 在馆    
山东省滨州职业学院图书馆 欢迎您!
大连网信软件有限公司© 版权所有